01589nam a2200361Ia 4500001001200000003000800012006001900020007001500039008004100054010001700095020004300112040002100155035002100176050002600197082001600223130005700239245015400296260005300450300002400503490006300527504005100590533015200641600003800793600004000831650001500871651005400886655002900940700003200969710001701001730006601018856012601084999001701210ebr10314575CaPaEBRm u cr cn|||||||||090206s2009 gw a sb 001 0 eng d z 2009005668 z9783110213256 (hardcover : alk. paper) aCaPaEBRcCaPaEBR a(OCoLC)43645452314aPA6654.E5bN68 2009eb04a937/.052220 aInvectiva in M. Tullium Ciceronem.lEnglish & Latin.14aThe invectives of Sallust and Ciceroh[electronic resource] :bcritical edition with introduction, translation, and commentary /cAnna A. Novokhatko. aBerlin ;aNew York :bWalter de Gruyter,cc2009. axii, 220 p. :bill.0 aSozomena. Studies in the recovery of ancient texts ;vv. 6 aIncludes bibliographical references and index. aElectronic reproduction.bPalo Alto, Calif. :cebrary,d2009.nAvailable via World Wide Web.nAccess may be limited to ebrary affiliated libraries.00aSallust,d86-34 B.C.xAuthorship.10aCicero, Marcus TulliusxAuthorship. 0aInvective. 0aRomexHistoryyConspiracy of Catiline, 65-62 B.C. 7aElectronic books.2local1 aNovokhatko, Anna A.,d1978-2 aebrary, Inc.02aResponsio ad orationem C. Sallustii Crispi.lEnglish & Latin.40uhttp://site.ebrary.com/lib/rucke/Doc?id=10314575zAn electronic book accessible through the World Wide Web; click to view c58254d58254